000 00962nab a2200241 i 4500
001 193687
003 ES-MaACL
005 20250810063057.0
007 t|
008 240206s2007 sp ||||1| spa d
040 _aES-MaACL
_bspa
100 1 _aAlgorri, Luis,
_eaut
_d1958-
_9235053
245 1 0 _aQuién cuida de nuestros libros :
_blas bibliotecas se protegen contra los ladrones "ilustrados" /
_cLuis Algorri
260 _a[Madrid] :
_bTiempo,
_c2007
300 _a4 páginas :
_bilustraciones ;
_c30 cm
500 _aFotocopia del artículo de Luis Algorri sobre robos en bibliotecas españolas, con mención a la Biblioteca del Ateneo de Madrid, publicado en la revista "Tiempo", 23 de noviembre de 2007
610 2 4 _aAteneo de Madrid.
_bBiblioteca
_91951
650 0 _aBibliotecas-
_zEspaña
_9235158
852 4 _aES-MaACL
_cDEPOF
_j2347-F-51
_9201212
942 _2udc
_cANAB
_n0
999 _c193687
_d193687